[Event "Saint Louis Invitational-B 2018"]
[Site "Saint Louis"]
[Date "2018.11.16"]
[Round "1"]
[White "Hong, Andrew"]
[Black "Wang, Justin"]
[Result "0-1"]
[WhiteElo "2368"]
[BlackElo "2409"]
[Annotator "TA"]
[PlyCount "88"]
[EventDate "2018.11.16"]
[EventType "tourn"]
[EventCountry "USA"]
[SourceTitle "playchess.com"]
[Source "ChessBase"]
[SourceQuality "1"]

{[%evp 22,88,34,39,36,48,47,49,79,-75,-38,-122,-99,-89,-17,-94,-72,-85,-86,-95,-53,-83,-57,-67,-68,-66,0,-162,-106,-151,-146,-148,-70,-68,-72,-73,-66,-45,-50,-68,-70,-111,-31,-19,-33,-19,-27,-74,0,-83,-77,-308,-302,-811,-801,-775,-739,-1118,-1110,-1104,-1104,-1025,-1007,-1171,-394,-6183,-5281,-29998,-29999]} 1. e4 e5 2. Nf3 Nc6 3. Bc4 Nf6 4. d3 Be7 5. O-O O-O 6. Re1 d6 7. a4 Na5 8. Ba2 {C55: Two Knights: 4 d3, 4 d4 exd4 5 e5 and Max Lange Attack} c5 9. Bd2 (9. c3 Nc6 10. Na3 a6 11. Nc2 h6 12. Ne3 Re8 13. h3 Bf8 14. Nd5 Rb8 15. Be3 Be6 {½-½ (43) Van Foreest,J (2629)-Harikrishna,P (2744) Riadh 2017}) 9... Nc6 10. Na3 Be6 11. Bxe6 fxe6 12. c3 {LiveBook: 5 Games} Nh5 13. b4 cxb4 14. cxb4 Nf4 {[#]} 15. Bc3 $146 (15. b5 $16 Nd4 16. Nxd4 exd4 17. Qb3) ({Predecessor:} 15. b5 Na5 {½-½ (38) Schroeder,J (2514)-Balint,V (2334) Douglas 2016}) 15... Qe8 16. Kh1 (16. g3 $15 Qg6 17. b5) 16... Qg6 $1 $17 {[%csl Gf4][%cal Rg6g2]} 17. Rg1 {[#]} Rac8 (17... d5 $1 $17 18. b5 dxe4 19. dxe4 Rad8) 18. Nc2 (18. Nc4 $11 {remains equal.}) 18... Qh5 19. Nce1 g5 $36 {[%mdl 2048] Keeping White busy.} 20. b5 Nb8 21. Bb2 g4 22. Nd2 $1 Bh4 23. Rf1 $1 Bg5 ({Black should try} 23... Nd7 $1 $15 24. g3 {[%mdl 64] Double Attack} Nh3) 24. d4 $2 (24. Nc4 $11 {and White stays safe.}) 24... Nd7 (24... Rf6 $19 25. Ra3 Rh6) 25. Ra3 {[#]} Rf6 $1 26. h3 gxh3 (26... Rg6 $17 {[%cal Rg4h3]} 27. dxe5 Nxe5) 27. g4 $15 Qg6 $1 {And now ...Rf7 would win.} 28. Nef3 Rff8 {Hoping for ...Be7.} 29. Nxg5 Qxg5 30. Nf3 Qg6 {...Nf6 is the strong threat.} (30... Qxg4 31. Rg1 $16) 31. dxe5 Nxe5 ({Not} 31... Qxg4 $2 32. Rg1 $18) (31... Qxe4 $17 {aiming for ...Ne2.} 32. Re1 Qb4) 32. Nxe5 dxe5 33. Re3 Rcd8 34. Qb3 Qg5 ({Don't blunder} 34... Qxg4 $2 35. Rg3 $18) (34... h5 $17 35. Rg1 h2 36. Kxh2 Kh7) 35. Qc3 (35. Bc1 $11) 35... Ng6 ({Avoid the trap} 35... Qxg4 $2 36. Rg3 $18) 36. Rxh3 $2 (36. Rg3 $17) 36... Qxg4 $19 37. Qe3 $2 (37. Qg3 Qxe4+ 38. Kg1) 37... Rd1 38. Rxd1 Qxd1+ {[%mdl 64] Double Attack} 39. Kg2 Nf4+ 40. Kh2 Nxh3 41. Qg3+ Kf7 {( -> ...Nf4)} 42. Qxh3 h5 $2 (42... Rg8 {[%csl Gg8][%cal Rd1g1]} 43. Qxh7+ Rg7 44. Qxg7+ Kxg7 45. Bxe5+ Kf7) 43. Qg3 $2 (43. Bxe5 Rg8 44. Bg3) 43... Rg8 44. Qf3+ Qxf3 {Accuracy: White = 31%, Black = 46%.} 0-1

[Event "Saint Louis Invitational-B 2018"]
[Site "Saint Louis"]
[Date "2018.11.16"]
[Round "1"]
[White "Marek, Matyas"]
[Black "Yip, Carissa"]
[Result "1-0"]
[WhiteElo "2361"]
[BlackElo "2318"]
[Annotator "TA"]
[PlyCount "59"]
[EventDate "2018.11.16"]
[EventType "tourn"]
[EventCountry "USA"]
[SourceTitle "playchess.com"]
[Source "ChessBase"]
[SourceQuality "1"]

{[%evp 19,59,15,26,31,39,33,44,33,39,40,115,102,177,173,168,149,180,85,85,82,85,75,68,60,54,52,150,152,145,151,172,180,314,295,308,310,479,479,795,781,806,803]} 1. Nf3 Nf6 2. g3 d5 3. Bg2 g6 4. O-O Bg7 5. d3 O-O 6. Nbd2 c5 7. e4 Nc6 8. Re1 e6 9. c3 b6 10. e5 Nd7 {[%cal Rd7e5]} 11. d4 {A08: King's Indian Attack} a5 12. Nf1 Ba6 13. a3 {White is slightly better.} a4 14. h4 {[#]} Bxf1 $146 (14... Bb5 $14) ({Predecessor:} 14... Qc7 15. Bf4 Na5 16. Ne3 Nb3 17. Rb1 cxd4 18. cxd4 Rac8 {1-0 (54) Amin,B (2689)-Movsesian,S (2647) Riadh 2017}) 15. Bxf1 $16 Qb8 (15... c4 $16) 16. Bb5 $18 Rc8 17. Bf4 Qa7 18. c4 (18. h5 $18 {has better winning chances.}) 18... Nxd4 $16 19. Nxd4 cxd4 {[#]} 20. cxd5 $1 Rc5 21. Bc6 Rd8 22. Bg5 ({Of course not} 22. Qxa4 Qxa4 23. Bxa4 Rxd5 $11) 22... Re8 ({Black should play} 22... Rc8 $14) 23. Qxd4 {Threatens to win with dxe6.} exd5 24. Qxa4 Qxa4 25. Bxa4 b5 (25... Rc7 $142 26. Rad1 Ra8) 26. b4 $18 Rc7 27. Bxb5 Rxe5 (27... Rb8 $142) 28. Bf4 {White is clearly winning.} Rxe1+ (28... h6 $142 29. a4 Bf6 30. Bxe5 Nxe5) 29. Rxe1 Ra7 30. Bxd7 {Accuracy: White = 76%, Black = 14%.} 1-0

[Event "Saint Louis Invitational-B 2018"]
[Site "Saint Louis"]
[Date "2018.11.16"]
[Round "1"]
[White "Tsay, Vincent"]
[Black "Stearman, Josiah"]
[Result "0-1"]
[WhiteElo "2342"]
[BlackElo "2309"]
[Annotator "TA"]
[PlyCount "82"]
[EventDate "2018.11.16"]
[EventType "tourn"]
[EventCountry "USA"]
[SourceTitle "playchess.com"]
[Source "ChessBase"]
[SourceQuality "1"]

{[%evp 18,82,28,29,50,52,56,40,30,30,23,20,28,20,27,21,35,0,4,-8,-10,-56,-64,-56,-57,-58,0,-1,0,0,0,0,0,0,0,-630,-630,-629,-612,-622,-617,-608,-588,-592,-609,-785,-778,-770,-764,-1068,-1020,-1206,-1172,-1785,-1780,-1783,-1659,-1459,-1337,-1747,-1368,-5601,-5601,-1997,-1970,-1571,-1500]} 1. d4 d5 2. c4 c6 3. cxd5 cxd5 4. Nf3 Nc6 5. Nc3 Nf6 6. Bf4 Bf5 7. e3 e6 8. Qb3 Qb6 9. Qxb6 axb6 10. Rc1 {LiveBook: 3 Games. D14: Slav Defence: Exchange variation with ...Bf5} Ne4 {[#] Strongly threatening ...Nxc3.} (10... Bb4 11. a3 Bxc3+ 12. Rxc3 Rc8 13. Be2 Ne4 14. Rc1 Ke7 15. O-O Na5 16. Rc7+ Rxc7 17. Bxc7 Rc8 18. Bxb6 {½-½ (40) Bajarani,U (2546)-Jakovenko,D (2748) Skopje 2015}) 11. a3 Bd6 $146 ({Predecessor:} 11... Nxc3 12. Rxc3 Be7 {½-½ (12) Jovic,S (2165)-Altantuya,B (2060) Novi Sad 2018}) 12. Bxd6 {White is slightly better.} Nxd6 13. Nh4 Be4 14. f3 Bg6 15. Nxg6 hxg6 16. Bd3 Kd7 17. Kf2 Ra5 18. f4 b5 {[%cal Bb6b5,Bb5b4][%mdl 32]} 19. Nb1 b4 20. h3 b5 {[%cal Bb7b5,Bb5b4,Bb4a3][%mdl 32]} 21. Rc5 Rc8 (21... Rb8 $15) 22. Rhc1 $11 Nc4 23. Be2 bxa3 24. Nxa3 Nd6 $36 {[%mdl 2048] [#] Threatens to win with ...Ne4+. Black is more active.} 25. Ke1 {[%cal Ra3b5]} b4 26. Bb5 $2 {[%mdl 8192]} (26. Rxa5 $11 Nxa5 27. Rxc8 Kxc8 28. Nc2) 26... bxa3 $19 {Black is clearly winning.} 27. Rxc6 Rxb5 28. Rxc8 Nxc8 29. bxa3 {[%mdl 4096] Endgame KRN-KR} Rb3 30. Ke2 Rxa3 31. h4 Nd6 32. g4 Nc4 33. h5 gxh5 34. gxh5 Rxe3+ 35. Kf2 Rh3 36. Rg1 Rxh5 37. Rxg7 Ke7 38. Kf3 Rh3+ 39. Kg4 Rh1 {( -> ...Rg1+)} 40. Kf3 Rf1+ 41. Ke2 Rxf4 {Accuracy: White = 37%, Black = 70%.} 0-1

[Event "Saint Louis Invitational-B 2018"]
[Site "Saint Louis"]
[Date "2018.11.16"]
[Round "1"]
[White "Dordzhieva, Dinara"]
[Black "Arjun, Vishnuvardhan"]
[Result "1-0"]
[WhiteElo "2340"]
[BlackElo "2247"]
[Annotator "TA"]
[PlyCount "67"]
[EventDate "2018.11.16"]
[EventType "tourn"]
[EventCountry "USA"]
[SourceTitle "playchess.com"]
[Source "ChessBase"]
[SourceQuality "1"]

{[%evp 9,67,21,52,24,44,37,37,36,27,31,77,70,78,84,73,71,147,89,125,125,125,125,125,125,129,127,139,116,98,92,307,313,295,295,297,307,306,305,538,261,1369,1356,1302,1262,1896,1756,29983,29984,29984,29985,29985,29986,29979,29980,29980,29970,29956,5114,4798,1697]} 1. e4 d6 2. d4 Nf6 3. Nc3 e5 4. Nge2 Nbd7 5. g3 h5 (5... Be7 6. Bg2 O-O 7. O-O Re8 8. h3 Bf8 9. g4 exd4 10. Qxd4 Nc5 11. Ng3 Nfd7 12. f4 c6 13. Qf2 Nxe4 14. Ncxe4 d5 15. Be3 dxe4 16. Nxe4 {0-1 (71) Grischuk,A (2737)-Bortnyk,O (2581) Doha 2016}) 6. h3 {B07: Pirc Defence: Miscellaneous Systems} a6 $146 ({Predecessor:} 6... Be7 7. Bg2 a6 8. a4 b6 9. O-O c6 10. Be3 Bb7 11. Kh1 b5 12. d5 O-O {½-½ (37) Marcelin,C (2482)-Dumitrache,D (2445) Mulhouse 2011}) 7. a4 b6 8. Bg2 {White is slightly better.} Bb7 9. O-O c5 10. dxe5 dxe5 11. Nd5 Nxd5 12. exd5 f5 {[#]} ({Black should try} 12... Bd6) 13. Re1 (13. Qe1 $142 $1) 13... Qf6 14. Nf4 O-O-O 15. Ne6 {Hoping for Bg5.} ({Weaker is} 15. Nxh5 Qf7 $11) 15... Re8 16. a5 {axb6 is the strong threat.} b5 17. c4 $36 {[%mdl 2048] Black is under strong pressure.} b4 18. Be3 Bd6 19. Qd2 f4 $2 {[#]} (19... h4 $16) 20. gxf4 $18 exf4 21. Bxf4 Bxf4 22. Nxf4 Ne5 23. Qe3 Kb8 $2 (23... Qd6 24. h4 Kb8) 24. Rac1 (24. Ne6 $142) 24... Nxc4 $2 (24... Qd6 25. Ne6 Nf7) 25. Qxe8+ Rxe8 26. Rxe8+ Ka7 27. Rxc4 Qxb2 28. Re7 Kb8 29. d6 Qa1+ 30. Kh2 Bxg2 31. Kxg2 Qf6 32. Re8+ Kb7 33. d7 (33. Rxc5 $142 Qxd6 34. Ne6 Qd7 35. Nd8+ Ka8 36. Rf8 g5 37. Nc6+ {[%mdl 64] Discovered Attack} Kb7 38. Rb8+ Kc7 39. Ne5+ {[%mdl 64] Discovered Attack} Kxb8 40. Nxd7+ Kb7 41. Rc4) 33... Qc6+ 34. Rce4 {Accuracy: White = 75%, Black = 46%.} 1-0

[Event "Saint Louis Invitational-B 2018"]
[Site "Saint Louis"]
[Date "2018.11.16"]
[Round "1"]
[White "Williams, Justus"]
[Black "Ynojosa Aponte, Felix Jose"]
[Result "0-1"]
[WhiteElo "2335"]
[BlackElo "2355"]
[Annotator "TA"]
[PlyCount "42"]
[EventDate "2018.11.16"]
[EventType "tourn"]
[EventCountry "USA"]
[SourceTitle "playchess.com"]
[Source "ChessBase"]
[SourceQuality "1"]

{[%evp 9,42,16,25,14,37,40,30,-49,-18,-33,-16,-17,-23,-23,-27,-8,31,41,31,-84,-84,-90,-69,-64,-61,-102,-82,-178,-177,-164,-155,-1064,-1056,-1052,-1054]} 1. d4 Nf6 2. Nf3 e6 3. g3 c5 4. Bg2 b6 {[%cal Bb7b6,Bb6b5][%mdl 32]} (4... cxd4 5. Nxd4 d5 6. O-O e5 7. Nb3 Be6 8. Bg5 Nbd7 9. e4 dxe4 10. Bxe4 Qc7 11. Bg2 Be7 12. Nc3 O-O 13. Re1 Rad8 14. Qe2 h6 15. Bxf6 Bxf6 {½-½ (107) Caruana,F (2802)-Nakamura,H (2786) chess.com INT 2017}) 5. Ne5 d5 6. c4 {A46: 1 d4 Nf6 2 Nf3 e6: Torre, London and Colle Systems} cxd4 7. cxd5 Nxd5 8. Qa4+ $146 (8. O-O $11) ({Predecessor:} 8. Qxd4 f6 9. Qa4+ Bd7 10. Nxd7 Qxd7 11. Qxd7+ Nxd7 12. Nc3 {0-1 (79) Anagnostopoulos,K (2097)-Kalogeris,I (2008) Crete 2013}) 8... Nd7 $15 {And now ...b5! would win.} 9. O-O {[#]} b5 $1 {[%mdl 512]} 10. Qxd4 (10. Qxb5 $2 Rb8 $19) 10... Bc5 11. Qe4 f5 12. Qc2 Bxf2+ ({Of course not} 12... Nxe5 $6 13. Qxc5 Bb7 14. Nc3 $16 (14. Qxb5+ Bc6 $16)) 13. Rxf2 Nxe5 14. e4 (14. Nc3 $14 {keeps the upper hand.}) 14... Nb4 $1 $17 {[%cal Rb4c2,Bd5b4,Bb4d3,Bd3f2,Bf2g4,Bg4e3][%mdl 32]} 15. Qe2 {Hoping for exf5.} Nbd3 16. exf5 Nxf2 17. Qxb5+ {[#]} Kf7 $1 18. Qxe5 (18. Nc3 $17 {might work better.} Qd4 19. Bxa8) 18... Ng4 $40 {[%mdl 128] Black has strong attack.} 19. fxe6+ {[#]} Kg8 $1 20. Bd5 $2 (20. Qe1 $17 Qb6+ 21. Kh1) 20... Qb6+ (20... Nxe5 $2 {loses.} 21. e7+ Be6 22. Bxe6+ Nf7 23. exd8=N $18) 21. Be3 Nxe3 {Accuracy: White = 39%, Black = 66%.} (21... Nxe5 $2 {is the wrong capture.} 22. Bxb6 Bb7 23. Bxb7 $18) 0-1

[Event "Saint Louis Invitational-B 2018"]
[Site "Saint Louis"]
[Date "2018.11.17"]
[Round "2"]
[White "Wang, Justin"]
[Black "Dordzhieva, Dinara"]
[Result "1-0"]
[WhiteElo "2409"]
[BlackElo "2340"]
[Annotator "TA"]
[PlyCount "57"]
[EventDate "2018.11.16"]
[EventType "tourn"]
[EventCountry "USA"]
[SourceTitle "playchess.com"]
[Source "ChessBase"]
[SourceQuality "1"]

{[%evp 12,57,26,25,39,33,77,45,66,72,87,49,29,21,96,92,68,72,78,0,16,12,125,118,118,129,163,121,136,129,131,132,140,145,288,262,376,361,497,470,652,530,580,549,736,710,649,423]} 1. e4 c5 2. Nf3 e6 3. d4 cxd4 4. Nxd4 Nf6 5. Nc3 d6 6. g4 h6 7. h4 a6 {B81: Sicilian Scheveningen: Keres Attack} (7... Nc6 8. Rg1 d5 9. exd5 Nxd5 10. Nxd5 exd5 11. Be3 Qxh4 12. Qf3 Nxd4 13. Bxd4 Qe7+ 14. Be2 Qe4 15. Qc3 Be6 16. f3 Qf4 17. Be5 Qa4 18. b3 Qb4 19. Bxg7 Rg8 20. Bd4 Qxc3+ 21. Bxc3 h5 {½-½ (21) Maze,S (2615)-Duda,J (2724) Brest 2018}) 8. Qf3 h5 $146 ({Predecessor:} 8... Qb6 9. Nb3 Nc6 10. Be3 Qc7 11. Be2 b5 12. g5 hxg5 13. hxg5 Rxh1+ 14. Qxh1 Nd7 15. g6 fxg6 {1-0 (34) Velicka,P (2462)-Bokros,A (2452) Slovakia 2011}) 9. gxh5 (9. g5 $5 {[%cal Rg5f6]} Ng4 10. Qe2 $14) 9... Nxh5 {White is slightly better.} 10. Bg5 Qc7 11. Bg2 Nd7 12. Qe2 g6 (12... Ne5 $11 {remains equal.}) 13. O-O-O $36 {[%mdl 2048] Keeping Black busy.} Bg7 14. Kb1 Kf8 15. Rh3 (15. Qd2 $16) 15... Kg8 16. Nb3 Ne5 (16... Nb6 $11 {keeps the balance.}) 17. f4 Nc6 18. f5 $1 Ne5 19. fxg6 fxg6 20. Bf3 $1 b5 {White must now prevent ...b4.} 21. Bxh5 Rxh5 {[#]} 22. Qg2 $1 Bd7 {[#]} (22... Bb7 $16) 23. Ne2 $1 $18 {[%cal Bc3e2,Be2f4,Bf4e6][%mdl 32]} Rh7 (23... Nc4 {was worth a try.} 24. Nf4 e5 25. Nxh5 Bxh3 26. Qxh3 gxh5) 24. Nf4 Rc8 25. Nd4 {White is clearly winning.} Qc4 26. Rc3 Qb4 27. a3 Qa5 28. Rxc8+ Bxc8 29. Nfxe6 {Accuracy: White = 77%, Black = 15%.} 1-0

[Event "Saint Louis Invitational-B 2018"]
[Site "Saint Louis"]
[Date "2018.11.17"]
[Round "2"]
[White "Ynojosa Aponte, Felix Jose"]
[Black "Hong, Andrew"]
[Result "1-0"]
[WhiteElo "2355"]
[BlackElo "2368"]
[Annotator "TA"]
[PlyCount "145"]
[EventDate "2018.11.16"]
[EventType "tourn"]
[EventCountry "USA"]
[SourceTitle "playchess.com"]
[Source "ChessBase"]
[SourceQuality "1"]

{[%evp 14,145,37,5,48,22,147,47,46,49,226,65,62,63,84,42,27,40,41,33,60,45,81,63,123,23,26,-7,-7,-7,-6,-6,-10,-14,-5,-8,-4,-28,-46,-36,-27,-94,-87,-77,-70,-107,-18,-16,-12,-16,-14,-6,0,-12,-12,-9,0,-59,0,0,0,0,0,0,8,8,8,16,43,43,45,56,130,121,287,277,379,379,379,379,379,379,379,379,379,371,371,363,371,364,576,533,8013,6167,2162,2090,29977,29978,29978,29979,29988,29972,29971,29972,29980,29981,29983,29984,29985,29985,29985,29980,29980,29981,29981,29982,29982,29983,29974,29975,29965,29961,12781,5949,29988,29989,29989,29990,29990,29991,29996,29997,29998,29999]} 1. e4 c5 2. c3 d5 3. exd5 Qxd5 4. d4 Nc6 5. Nf3 Bf5 6. Be3 Nf6 {B22: Sicilian: 2 c3} 7. Na3 (7. Qb3 cxd4 8. Nxd4 Nxd4 9. Bxd4 a6 10. Nd2 e6 11. Be2 O-O-O 12. Nc4 Bc5 13. O-O Be4 14. Rfd1 {1-0 (32) Jones,G (2676)-Pichot,A (2556) Sharjah 2017}) 7... cxd4 8. Nb5 {LiveBook: 29 Games} Qd8 {The position is equal.} 9. Nfxd4 Nxd4 (9... Bd7 $11 {keeps the balance.}) 10. Nxd4 ({Much weaker is} 10. Bxd4 $6 a6 $11) ({Better is} 10. Qxd4 $16 Qxd4 11. Bxd4 (11. Nxd4 Bd7 $16)) 10... Bd7 $14 11. Qb3 e5 $2 {[#]} (11... Qb6 $14) 12. Nf3 $2 (12. Bc4 $1 $18 {[%cal Rc4f7]} exd4 13. Bxf7+ Ke7 14. Bxd4) 12... Bd6 $146 ({Predecessor:} 12... Qc7 13. Bc4 Bg4 14. O-O-O Bh5 15. Bb5+ Ke7 16. Qb4+ Ke6 17. Bc4+ Kf5 18. Nh4+ Kg4 19. Be2# {1-0 (19) Baturo,T (2053)-Celmer,J (1998) Chojnice 2007}) 13. Qxb7 O-O 14. Qa6 Qc7 15. Rd1 Be7 16. Bb5 Bc8 17. Qc6 Qb8 $1 18. Bc4 e4 (18... Bb7 $14 19. Qb5 Bxf3 20. gxf3 Qxb5 21. Bxb5 Rab8) 19. Ng5 (19. Ne5 $1 $16) 19... h6 $11 20. Nxe4 (20. Nxf7 {feels hotter.} Rxf7 21. O-O Qb7 22. Qxb7 Bxb7 23. Rd4) 20... Bb7 21. Nxf6+ Bxf6 22. Qd6 Bxg2 23. Qxb8 Rfxb8 (23... Raxb8 $5 24. Rg1 $8 Bf3 $11) 24. Rg1 $132 {[%mdl 2048] White has counterplay} Bf3 25. Rc1 Rxb2 26. Rg3 Bh5 27. Bd5 (27. Bxh6 $11 Re8+ 28. Kf1) 27... Rd8 $17 28. c4 Rxa2 29. Bxh6 a5 (29... Be5 $17 30. Rh3 gxh6 31. Rxh5 Bf4) 30. Bg5 $11 Re8+ 31. Kf1 Bd4 32. Be3 Bxe3 33. Rxe3 Rxe3 34. fxe3 Rxh2 {[%mdl 4096] Endgame KRB-KRB} 35. c5 (35. Ra1 $11) 35... Bg6 (35... Rd2 $15 36. Bb7 a4) 36. Bg2 Bf5 37. Kg1 Rh4 38. c6 Kh7 39. Bd5 Kg6 40. c7 Bc8 41. Rc6+ Kf5 42. Rd6 {And now Rd8 would win.} Ke5 ({Black should try} 42... Rh3 $14) 43. Rd8 $16 Bf5 $2 (43... Bg4 $16 {keeps fighting.}) 44. Bxf7 $18 {aiming for Rd5+.} Kf6 45. Bd5 {Rf8+ is the strong threat.} Ke5 {[#]} 46. e4 $1 {[%mdl 512]} Bg4 (46... Bxe4 47. Bxe4) 47. c8=Q Bxc8 48. Rxc8 {KRB-KR} Rh3 49. Kg2 Rd3 50. Rg8 Kf6 51. Ra8 Ra3 (51... Ke5 {is a better defense.} 52. Rxa5 Kf4) 52. Re8 a4 53. e5+ Kf5 54. e6 Kf6 55. Rf8+ Ke7 56. Rf7+ {[%mdl 64] Double Attack} Kd8 57. Ra7 Re3 58. Rxa4 Ke7 59. Ra7+ Kf6 60. Kf2 Re5 61. Rf7+ Kg6 62. Rd7 Kf6 63. Kf3 Re1 64. Bc4 g5 65. Rf7+ Ke5 66. Ba2 Re4 67. Rg7 Rf4+ 68. Kg3 {Threatening mate with e7.} Ra4 69. e7 {White mates.} Ra8 70. Rg8 Ra3+ 71. Kg4 Kf6 72. e8=Q {[%csl Ge8][%cal Rg8g6]} Rg3+ 73. Kxg3 {Accuracy: White = 67%, Black = 38%.} 1-0

[Event "Saint Louis Invitational-B 2018"]
[Site "Saint Louis"]
[Date "2018.11.17"]
[Round "2"]
[White "Tsay, Vincent"]
[Black "Williams, Justus"]
[Result "0-1"]
[WhiteElo "2342"]
[BlackElo "2335"]
[Annotator "TA"]
[PlyCount "80"]
[EventDate "2018.11.16"]
[EventType "tourn"]
[EventCountry "USA"]
[SourceTitle "playchess.com"]
[Source "ChessBase"]
[SourceQuality "1"]

{[%evp 19,79,0,15,-34,-42,-20,-25,-47,10,-9,48,0,10,-7,56,-54,-44,-38,-40,-56,-55,-52,-47,-47,-42,-58,-35,-43,0,0,0,-18,-18,-46,-3,-43,-46,-89,-86,-72,-35,-68,-79,-72,-68,-65,-77,-71,-71,-338,-269,-265,-247,-262,-255,-1102,-992,-29995,-640,-29998,-29999,-29999]} 1. d4 Nf6 2. Nf3 e6 3. c4 d5 4. g3 Be7 5. Bg2 O-O 6. O-O dxc4 7. Qc2 a6 8. a4 c5 9. dxc5 Bxc5 10. Qxc4 Nbd7 {LiveBook: 7 Games} 11. a5 $146 {E05: Open Catalan: 5 Nf3 Be7} ({Predecessor:} 11. Nc3 b5 12. Qh4 Bb7 13. axb5 axb5 14. Rxa8 Qxa8 15. Nxb5 Ne5 16. Nxe5 Bxg2 17. Rd1 Bh1 18. Qh3 Qb8 19. Kxh1 Qxe5 {½-½ (19) Gledura,B (2621)-Bruzon Batista,L (2653) Saint Louis 2018}) 11... b5 12. axb6 Bb7 13. Nc3 {Black has an edge.} Rc8 ({Better is} 13... Qxb6 $15 14. Qd3 Qc6) 14. Qh4 Be7 ({Black should try} 14... Qxb6 $11 15. Na4 Qb5) 15. Qd4 Bc5 16. Qh4 Be7 (16... Qxb6 $11 17. Na4 Qb5) 17. Ng5 (17. Rd1 $14) 17... Bxg2 $15 18. Kxg2 h6 19. Nf3 Qxb6 20. Qa4 Nc5 21. Qa2 Qb7 22. Be3 Rc6 23. Kg1 Ng4 24. Bxc5 Bxc5 25. Ne4 Be7 26. h3 Rc2 (26... Nf6 {is more complex.} 27. Ned2 Rc2 28. Rfc1 Rxb2 29. Qxa6 Qxa6 30. Rxa6 Bb4) 27. Ned2 (27. Nc3 {feels hotter.} Rxb2 28. Qxa6 Qxa6 29. Rxa6 Rc2 30. Rc6) 27... Nf6 $36 {[%mdl 2048] Black is more active.} (27... Rxb2 $6 28. Rab1 $14) 28. Qxa6 Qxa6 ({Reject} 28... Rxb2 29. Qxb7 Rxb7 30. Rfc1 $11) 29. Rxa6 Rd8 30. Rb1 Rcxd2 31. Nxd2 Rxd2 32. b4 Rxe2 33. b5 Bc5 {White must now prevent ...Ne4.} 34. Rc6 $2 {[%mdl 8192]} (34. b6 $17 Rxf2 35. Kh1) 34... Rc2 ({But not} 34... Bxf2+ 35. Kf1 $19) 35. Kh1 {[#] Hoping for b6.} Ne4 $1 {[%cal Re4f2]} 36. b6 Nxf2+ 37. Kg2 $2 (37. Kg1 Ne4+ 38. Rxc5 Nxc5 39. b7 Nxb7 40. Rxb7) 37... Ne4+ 38. Kf3 Nd2+ (38... Ng5+ $142 39. Kg4 Rc4+ 40. Kh5 Kh7 41. g4 g6+ 42. Kh4 Bf2#) 39. Kf4 {[#] aiming for Rxc5!} Rc4+ 40. Ke5 Nf3# {Precision: White = 24%, Black = 60%.} 0-1

[Event "Saint Louis Invitational-B 2018"]
[Site "Saint Louis"]
[Date "2018.11.17"]
[Round "2"]
[White "Stearman, Josiah"]
[Black "Yip, Carissa"]
[Result "1-0"]
[WhiteElo "2309"]
[BlackElo "2318"]
[Annotator "TA"]
[PlyCount "89"]
[EventDate "2018.11.16"]
[EventType "tourn"]
[EventCountry "USA"]
[SourceTitle "playchess.com"]
[Source "ChessBase"]
[SourceQuality "1"]

{[%evp 16,89,12,-7,-1,-20,8,0,-8,-44,-6,-6,-6,-10,-9,-10,0,-19,0,-27,-11,-31,-24,-31,-29,-30,-25,-26,-21,-27,0,0,0,-75,-76,-75,-74,-71,0,0,0,0,0,0,0,0,72,66,71,0,0,3,10,0,0,0,0,0,0,0,0,0,0,0,0,0,1074,998,947,879,2178,2138,5291,5320,5281,5281]} 1. d4 d5 2. Nf3 Nf6 3. Bf4 e6 4. e3 c5 5. c3 Nc6 6. Bd3 Bd6 7. Bg3 Qe7 8. Nbd2 O-O 9. Qe2 {LiveBook: 3 Games. D02: 1 d4 d5 2 Nf3 sidelines, including 2...Nf6 3 g3 and 2...Nf6 3 Bf4} (9. Ne5 Nd7 10. Nxd7 Qxd7 11. O-O b6 12. Bxd6 Qxd6 13. f4 f5 14. Nf3 c4 15. Bc2 b5 16. a3 a5 17. g4 Bd7 {½-½ (69) Grischuk,A (2781)-Hammer,J (2677) Stavanger 2015}) 9... e5 10. dxe5 Nxe5 11. Nxe5 {The position is equal.} Bxe5 12. Nf3 Bc7 $146 ({Predecessor:} 12... Bd6 13. Bh4 Bg4 14. h3 Bh5 15. g4 Bg6 {½-½ (15) Cameron,E (1641)-Peter,H (1759) ICCF email 2010}) 13. Bxc7 Qxc7 14. h3 Re8 15. O-O b6 16. Rad1 a6 17. Bb1 Bb7 18. Qc2 g6 19. Qa4 Ne4 20. Bxe4 Rxe4 21. Qc2 Rae8 22. Rd2 Qc8 23. Rfd1 R4e7 24. Qa4 {[#]} (24. Ne1 $11) 24... d4 $1 $17 {[%mdl 512]} 25. cxd4 Bxf3 26. gxf3 {[#]} Qxh3 (26... b5 $1 $17 {[%cal Rb5a4]} 27. Qa3 Qxh3) 27. dxc5 $11 Qxf3 28. Rd8 b5 29. Qh4 ({Don't go for} 29. Qxa6 $2 Kg7 $19) 29... Kg7 $1 30. Qd4+ $1 Kg8 (30... Kh6 $1 $11 {remains equal.}) 31. Rc1 $16 {And now c6 would win.} Qc6 $1 32. Qd6 (32. Qd5 $16 Qc7 33. Rxe8+ Rxe8 34. c6) 32... Qe4 $11 33. Rxe8+ Rxe8 {[%mdl 4096] Endgame KQR-KQR} 34. c6 Qg4+ 35. Kf1 Qh3+ 36. Ke2 Qg4+ 37. Kd2 {Threatens to win with Qd7.} Qh4 {White must now prevent ...Rd8.} 38. Qf4 Qxf4 39. exf4 {Hoping for Kc3. KR-KR} Kf8 $1 40. Kc3 Rc8 $2 {[%mdl 8192]} (40... Ke7 $11) 41. Kb4 $18 {White is clearly winning.} Ke7 42. Kc5 Kd8 43. Kd6 Rc7 {[#]} 44. f5 $1 {[%mdl 512]} gxf5 45. Rg1 {Accuracy: White = 58%, Black = 52%.} 1-0